| 000 | 00785cab a2200229 4500 | ||
|---|---|---|---|
| 001 | WB3518-38 | ||
| 008 | 090401t1999 xxu||||| |||| 00| 0 eng d | ||
| 035 | _a(Sirsi) u93335 | ||
| 041 | _aeng | ||
| 245 | _aCITB to attract women | ||
| 260 | _c1999 | ||
| 350 | _a0 | ||
| 490 |
_aContract Journal _v398(6225) 12 May 1999, 3(1) |
||
| 520 | _aThe Construction Industry Training Board has admitted there is a problem attracting women to the profession. A forum is to be set up to increase the number of women entering the construction industry. | ||
| 650 | _aCITB | ||
| 650 | _aCONSTRUCTION INDUSTRY TRAINING BOARD | ||
| 650 | _aCONSTRUCTION INDUSTRY | ||
| 650 | _aWOMEN | ||
| 690 | _aMANAGEMENT-BUSINESS MANAGEMENT-PROFESSIONAL PRACTICE | ||
| 942 | _n0 | ||
| 948 | _c13/05/1999 | ||
| 999 |
_c59160 _d59160 |
||